| 000 | 01031nam a2200205 a 4500 | ||
|---|---|---|---|
| 008 | 100114s1997 ||||||||||||||||| || u | ||
| 050 | _aGOV.ZAM(02)1997/11A | ||
| 110 | _aGovernment of the Republic of Zambia (GRZ) | ||
| 245 | 1 | 0 | _aRoad sector investment programme (ROADSIP 1997-2007) |
| 260 |
_aLusaka: _bMinistry of Communications and Transport _c1997 |
||
| 300 | _aiv, 62p | ||
| 350 | _a0.00 | ||
| 650 | _aROADS | ||
| 650 | _aROADS--ZAMBIA | ||
| 650 | _aTRANSPORTATION--ZAMBIA | ||
| 710 | _aMinistry of Communications and Transport | ||
| 995 |
_aSPECIAL COLLECTIONS _D0.00 _e45478 _FCBU-MAIN LIBRARY (Kitwe) _H1 _I0.00 _jGOV.ZAM(02)1997/11A _M1 _UAVAILABLE _WJan 14, 2010 _y45478 _ZZambiana Collection |
||
| 995 |
_aSPECIAL COLLECTIONS _D0.00 _e03005411 _FCBU-MAIN LIBRARY (Kitwe) _H1 _I0.00 _jGOV.ZAM(02)1997/11B _M2 _UAVAILABLE _WJan 14, 2010 _yZ03005411 _ZZambiana Collection |
||
| 995 |
_aSPECIAL COLLECTIONS _D0.00 _e03005412 _FCBU-MAIN LIBRARY (Kitwe) _H1 _I0.00 _jGOV.ZAM(02)1997/5 _M3 _UAVAILABLE _WJan 14, 2010 _y03005412 _ZZambiana Collection |
||
| 999 |
_c80235 _d80235 |
||